000 00455nam a2200205Ia 4500
003 OSt
005 20220918231208.0
006 a|||||r|||| 00| 0
007 ta
008 220917b |||||||| |||| 00| 0 eng d
024 _a267,836
037 _cTextual
040 _aARTS
_cARTS
_beng
041 _2eng
_aeng
082 _aU5, [Q2]
245 0 _aAtlas maps
260 _c2012
942 _hU5, [Q2]
_cTEXL
_2CC
999 _c290159
_d290159